| 000 | 00433pab a2200181 454500 | ||
|---|---|---|---|
| 008 | 180718b2012 xxu||||| |||| 00| 0 eng d | ||
| 100 | _aGibson, Bill | ||
| 245 | _aTrade, employment and the informal sector: An agent - based analysis | ||
| 260 | _c2012 | ||
| 300 | _ap.277-310. | ||
| 362 | _aMay | ||
| 650 | _aEmployment | ||
| 650 | _aTrade | ||
| 650 | _aInformal sector | ||
| 773 | _aMargin | ||
| 908 | _aN | ||
| 909 | _a96783 | ||
| 999 |
_c96783 _d96783 |
||